Catálogo
 En Linea

Obra poética escogida / (Registro nro. 4734)

Detalles MARC
000 -CABECERA
campo de control de longitud fija 00712cam a2200217 a 4500
001 - NÚMERO DE CONTROL
campo de control 000004928
005 - FECHA Y HORA DE LA ÚLTIMA TRANSACCIÓN
campo de control 20200929151534.0
008 - DATOS DE LONGITUD FIJA--INFORMACIÓN GENERAL
campo de control de longitud fija 780629s1977 sp a 001 p spa
020 ## - NÚMERO INTERNACIONAL ESTÁNDAR DEL LIBRO
Número Internacional Estándar del Libro 8423920259
040 ## - FUENTE DE LA CATALOGACIÓN
Centro catalogador/agencia de origen DO-SdBNP
Lengua de catalogación spa
Centro/agencia transcriptor BNPHU
082 ## - NÚMERO DE LA CLASIFICACIÓN DECIMAL DEWEY
Número de clasificación M861.4
Número de documento/Ítem F315ó
100 1# - ENTRADA PRINCIPAL--NOMBRE DE PERSONA
Nombre de persona Felipe, Léon
Fechas asociadas al nombre 1884-1968.
9 (RLIN) 14242
245 10 - MENCIÓN DE TÍTULO
Título Obra poética escogida /
Mención de responsabilidad, etc. Léon Felipe ; prólogo y selección, Gerardo Diego.
260 ## - PUBLICACIÓN, DISTRIBUCIÓN, ETC.
Lugar de publicación, distribución, etc. Madrid :
Nombre del editor, distribuidor, etc. Espasa-Calpe,
Fecha de publicación, distribución, etc. 1977.
300 ## - DESCRIPCIÓN FÍSICA
Extensión 263 p. :
Otras características físicas il. ;
Dimensiones 18 cm.
490 1# - MENCIÓN DE SERIE
Mención de serie Selecciones Austral
Designación de volumen o secuencia 25
650 #4 - PUNTO DE ACCESO ADICIONAL DE MATERIA--TÉRMINO DE MATERIA
Término de materia o nombre geográfico como elemento de entrada Poesía mexicana
9 (RLIN) 9120
650 #4 - PUNTO DE ACCESO ADICIONAL DE MATERIA--TÉRMINO DE MATERIA
Término de materia o nombre geográfico como elemento de entrada Literatura mexicana
9 (RLIN) 1922
700 1# - PUNTO DE ACCESO ADICIONAL--NOMBRE DE PERSONA
Nombre de persona Diego, Gerardo,
Fechas asociadas al nombre 1896-1987.
Término indicativo de función/relación pról.
9 (RLIN) 14243
830 #0 - PUNTO DE ACCESO ADICIONAL DE SERIE-TÍTULO UNIFORME
Título uniforme Selecciones Austral ;
Número de parte o sección de la obra 25
9 (RLIN) 14244
Existencias
Estado de retiro Estado de pérdida Restricciones de uso No para préstamo Código de colección Localización permanente Ubicación/localización actual Ubicación en estantería Fecha de adquisición Número de inventario Total de préstamos Signatura topográfica completa Código de barras Fecha visto por última vez Precio válido a partir de Tipo de ítem Koha
    Préstamo interno   Monografías: Libros y Folletos General General En catalogación 27.07.2009 LF1   M861.4 F315ó 4928-10 25.06.2020 25.06.2020 Préstamo interno

Con tecnología Koha